000
00273pam a2200133 a 4500
020
_c
041
_h
100
_a
Frank Kreith
245
_a
Handbook of Solid Waste Management
260
_c
1994
300
_a
15.20
653
_a
Environment Management
930
_a
897
999
_c
246750
_d
246750